[Event "Reykjavik op"]
[Site "Reykjavik"]
[Date "2023.04.02"]
[Round "7"]
[White "Kienitz, Andre"]
[Black "Eliasson, Kristjan Orn"]
[Result "1-0"]
[WhiteElo "2039"]
[BlackElo "1737"]
[PlyCount "101"]
[EventDate "2023.03.29"]
[EventType "swiss"]
[EventRounds "9"]
[EventCountry "ISL"]
[SourceTitle "EXT 2024"]
[Source "ChessBase"]
[SourceDate "2023.10.10"]
[SourceVersion "1"]
[SourceVersionDate "2023.10.10"]
[SourceQuality "1"]

1. e4 d6 2. d4 g6 3. Nf3 Bg7 4. Nc3 c6 5. a4 Nf6 6. Be2 0-0 7. 0-0 Bg4 8. h3 Bc8 9. Be3 Nbd7 10. Qd2 e5 11. dxe5 Nxe5 12. Nxe5 dxe5 13. Qxd8 Rxd8 14. Bc4 b6 15. Rfd1 Bb7 16. f3 Bf8 17. Kf2 Kg7 18. Ne2 Be7 19. c3 Rxd1 20. Rxd1 Rd8 21. Rxd8 Bxd8 22. b4 Bc7 23. Nc1 Nd7 24. Nb3 Kf8 25. g4 Ke7 26. h4 Ke8 27. Bf1 Ke7 28. a5 Bd6 29. Bd2 b5 30. Be3 a6 31. Bh3 Kd8 32. g5 Nf8 33. Bc5 Kc7 34. Bb6+ Kb8 35. Bc5 Kc7 36. Bxd6+ Kxd6 37. Nc5 Kc7 38. Ke3 Bc8 39. Bxc8 Kxc8 40. f4 Ne6 41. Nxe6 fxe6 42. f5 Kd7 43. fxg6 hxg6 44. Kf3 Ke7 45. Kg4 Kf7 46. h5 Kg7 47. hxg6 Kg8 48. g7 Kxg7 49. Kh5 Kf7 50. Kh6 Kg8 51. Kg6 1-0

[Event "Reykjavik op"]
[Site "Reykjavik"]
[Date "2023.03.31"]
[Round "4"]
[White "Song, Julien"]
[Black "Kienitz, Andre"]
[Result "1-0"]
[WhiteElo "2348"]
[BlackElo "2039"]
[PlyCount "147"]
[EventDate "2023.03.29"]
[EventType "swiss"]
[EventRounds "9"]
[EventCountry "ISL"]
[SourceTitle "CBM 213 Extra"]
[Source "ChessBase"]
[SourceDate "2023.05.31"]
[SourceVersion "1"]
[SourceVersionDate "2023.05.31"]
[SourceQuality "1"]

1. d4 e6 2. c4 Nf6 3. Nf3 d5 4. g3 Be7 5. Bg2 0-0 6. 0-0 c6 7. Nc3 a5 8. Re1 b6 9. Nd2 Ba6 10. cxd5 cxd5 11. e4 dxe4 12. Ndxe4 Ra7 13. Be3 Rd7 14. Qb3 Nd5 15. Nxd5 exd5 16. Nc3 Bc4 17. Qa4 Bb4 18. Rec1 Na6 19. Qd1 Nc7 20. b3 Ba6 21. a3 Bxc3 22. Rxc3 Nb5 23. Rc2 Rc7 24. Rac1 Rxc2 25. Qxc2 Nxa3 26. Qc6 Nb5 27. Qxd5 Qxd5 28. Bxd5 Rd8 29. Bc4 Kf8 30. d5 Rd6 31. Bf4 Rd8 32. Ra1 Rc8 33. Be3 Rb8 34. b4 Nc7 35. Bxa6 Nxa6 36. bxa5 b5 37. Rc1 Rd8 38. Rc6 Ra8 39. Rb6 b4 40. Bd4 f6 41. d6 Ke8 42. Be3 Kd7 43. h4 h5 44. Bd2 g6 45. Kg2 b3 46. Rxb3 Kxd6 47. Rb6+ Ke7 48. Bc3 Nc7 49. Bxf6+ Kf7 50. Bc3 Nd5 51. Rb7+ Ke6 52. Bd2 Ra6 53. Kf3 Kf5 54. Rb5 Ke6 55. Ke4 Nf6+ 56. Kf4 Rd6 57. Be3 Nd5+ 58. Kg5 Nxe3 59. fxe3 Kf7 60. Rb7+ Kf8 61. e4 Re6 62. Kf4 Ra6 63. Rb5 Kf7 64. Kg5 Kg7 65. Rb7+ Kf8 66. Rb5 Kf7 67. Kf4 Ke7 68. Ke5 Re6+ 69. Kd4 Rd6+ 70. Rd5 Ra6 71. Kc4 Re6 72. e5 Rc6+ 73. Rc5 Ra6 74. Kb5 1-0

[Event "Karlsruhe Grenke op"]
[Site "Karlsruhe"]
[Date "2019.04.18"]
[Round "1"]
[White "Prithu, Gupta"]
[Black "Kienitz, Andre"]
[Result "1-0"]
[WhiteElo "2478"]
[BlackElo "2117"]
[PlyCount "57"]
[EventDate "2019.04.18"]
[EventType "swiss"]
[EventRounds "9"]
[EventCountry "GER"]
[SourceTitle "CBM 189 Extra"]
[Source "ChessBase"]
[SourceDate "2019.06.03"]
[SourceVersion "1"]
[SourceVersionDate "2019.06.03"]
[SourceQuality "1"]

1. Nf3 d5 2. c4 e6 3. g3 Nf6 4. Bg2 Be7 5. 0-0 0-0 6. b3 c5 7. cxd5 Nxd5 8. Bb2 Bf6 9. Nc3 Nc6 10. Qc2 Nxc3 11. dxc3 Bd7 12. Rad1 Qc7 13. Bc1 h6 14. Bf4 e5 15. Bc1 Be6 16. Nd2 Rad8 17. f4 exf4 18. gxf4 Bg4 19. Ne4 Be7 20. f5 f6 21. Bf4 Qc8 22. Ng3 Rxd1 23. Rxd1 h5 24. h3 h4 25. Bd5+ Kh8 26. hxg4 hxg3 27. Kg2 g5 28. fxg6 Qxg4 29. Rh1+ 1-0

[Event "Metz op 37th"]
[Site "Metz"]
[Date "2019.04.10"]
[Round "4"]
[White "Kienitz, Andre"]
[Black "Chauvin, Denis"]
[Result "1/2-1/2"]
[WhiteElo "2117"]
[BlackElo "1876"]
[PlyCount "61"]
[EventDate "2019.04.08"]
[EventType "swiss"]
[EventRounds "9"]
[EventCountry "FRA"]
[SourceTitle "CBM 189 Extra"]
[Source "ChessBase"]
[SourceDate "2019.06.03"]
[SourceVersion "1"]
[SourceVersionDate "2019.06.03"]
[SourceQuality "1"]

1. e4 b6 2. d4 Bb7 3. Bd3 Nf6 4. Nd2 e6 5. Ngf3 c5 6. c3 d5 7. e5 Nfd7 8. 0-0 Ba6 9. Bxa6 Nxa6 10. c4 Nc7 11. cxd5 exd5 12. dxc5 bxc5 13. Re1 Ne6 14. b3 g6 15. Nf1 Nb6 16. Bb2 Bg7 17. Qd2 Qd7 18. Rad1 Rd8 19. a4 h5 20. a5 Na8 21. Qd3 Nac7 22. g3 0-0 23. Ne3 Qc6 24. Rc1 Qa6 25. Qxa6 Nxa6 26. Red1 Bh6 27. Rb1 Nb4 28. Bc1 Bg7 29. Bb2 Bh6 30. Bc1 Bg7 31. Bb2 1/2-1/2

[Event "Metz op 37th"]
[Site "Metz"]
[Date "2019.04.09"]
[Round "3"]
[White "Devallee, Jeremie"]
[Black "Kienitz, Andre"]
[Result "1-0"]
[WhiteElo "2305"]
[BlackElo "2117"]
[PlyCount "99"]
[EventDate "2019.04.08"]
[EventType "swiss"]
[EventRounds "9"]
[EventCountry "FRA"]
[SourceTitle "CBM 189 Extra"]
[Source "ChessBase"]
[SourceDate "2019.06.03"]
[SourceVersion "1"]
[SourceVersionDate "2019.06.03"]
[SourceQuality "1"]

1. Nc3 d5 2. e4 e6 3. d4 Nf6 4. e5 Nfd7 5. f4 c5 6. Nf3 Be7 7. Be3 0-0 8. Qd2 b6 9. g3 Nc6 10. h4 Bb7 11. Bd3 Nxd4 12. Bxd4 cxd4 13. Ne2 Nc5 14. Nexd4 Qc8 15. Ng5 h6 16. 0-0-0 Ba6 17. Bh7+ Kh8 18. c3 Bxg5 19. hxg5 Kxh7 20. Rh4 Rh8 21. Rdh1 Kg8 22. gxh6 g6 23. h7+ Kf8 24. g4 Ne4 25. Qh2 Nxc3 26. bxc3 Qxc3+ 27. Nc2 Bd3 28. Qd2 Rc8 29. Qxc3 Rxc3 30. Kd2 Rxc2+ 31. Kxd3 Rxa2 32. f5 Ra3+ 33. Kd2 Ra4 34. f6 Rc4 35. Ra1 a5 36. Rb1 Rc6 37. Ke3 g5 38. Rh5 a4 39. Rb4 Ke8 40. Rxa4 Kd7 41. Ra7+ Rc7 42. Rxc7+ Kxc7 43. Rxg5 Rxh7 44. Rg7 Rh3+ 45. Kd4 Rg3 46. Rxf7+ Kd8 47. Rg7 Ke8 48. Re7+ Kf8 49. Rxe6 Rxg4+ 50. Kxd5 1-0

[Event "Bangkok Cha Am op 18th"]
[Site "Bangkog"]
[Date "2018.04.17"]
[Round "5"]
[White "Silva, Winston Joseph R"]
[Black "Kienitz, Andre"]
[Result "1/2-1/2"]
[WhiteElo "1907"]
[BlackElo "2125"]
[PlyCount "41"]
[EventDate "2018.04.13"]
[EventType "swiss"]
[EventRounds "9"]
[EventCountry "THA"]
[SourceTitle "CBM 184 Extra"]
[Source "ChessBase"]
[SourceDate "2018.06.28"]
[SourceVersion "1"]
[SourceVersionDate "2018.06.28"]
[SourceQuality "1"]

1. d4 d5 2. e3 Nf6 3. Bd3 e6 4. Nd2 Be7 5. f4 0-0 6. Ngf3 c5 7. c3 b6 8. Ne5 Ba6 9. Nc6 Qc7 10. Nxe7+ Qxe7 11. Bc2 Nbd7 12. Qf3 Ne8 13. a4 f5 14. b3 Nd6 15. dxc5 Nxc5 16. Ba3 Nd3+ 17. Bxd3 Bxd3 18. Kf2 Rac8 19. Rhc1 Rfd8 20. Kg1 Qf6 21. Bb2 1/2-1/2

[Event "Bangkok Cha Am op 18th"]
[Site "Bangkog"]
[Date "2018.04.14"]
[Round "2"]
[White "Kienitz, Andre"]
[Black "Ly, Moulthun"]
[Result "0-1"]
[WhiteElo "2125"]
[BlackElo "2498"]
[PlyCount "62"]
[EventDate "2018.04.13"]
[EventType "swiss"]
[EventRounds "9"]
[EventCountry "THA"]
[SourceTitle "CBM 184 Extra"]
[Source "ChessBase"]
[SourceDate "2018.06.28"]
[SourceVersion "1"]
[SourceVersionDate "2018.06.28"]
[SourceQuality "1"]

1. e4 Nf6 2. e5 Nd5 3. d4 d6 4. Nf3 Bg4 5. Be2 e6 6. h3 Bh5 7. c4 Nb6 8. Nc3 Be7 9. exd6 cxd6 10. d5 e5 11. g4 Bg6 12. h4 h6 13. h5 Bh7 14. Be3 Na6 15. Bd3 Bxd3 16. Qxd3 Qc8 17. Bxb6 axb6 18. Rg1 0-0 19. g5 Nb4 20. Qe2 Qf5 21. Ne4 hxg5 22. Nfxg5 Nxa2 23. Qf3 Qxf3 24. Nxf3 Nb4 25. Rxa8 Rxa8 26. Kd2 b5 27. Kc3 Na2+ 28. Kb3 bxc4+ 29. Kxc4 Ra4+ 30. Kb3 Rxe4 31. Kxa2 Rf4 0-1

[Event "Cappelle op 34th"]
[Site "Cappelle la Grande"]
[Date "2018.03.03"]
[Round "1.9"]
[White "Kienitz, Andre"]
[Black "Stany, George Anthony"]
[Result "0-1"]
[WhiteElo "2126"]
[BlackElo "2494"]
[PlyCount "82"]
[EventDate "2018.03.03"]
[EventType "swiss"]
[EventRounds "9"]
[EventCountry "FRA"]
[SourceTitle "EXT 2019"]
[Source "ChessBase"]
[SourceDate "2018.10.10"]
[SourceVersion "1"]
[SourceVersionDate "2018.10.10"]
[SourceQuality "1"]

1. e4 c5 2. Nf3 e6 3. d4 cxd4 4. Nxd4 Nc6 5. Nc3 Qc7 6. Be3 a6 7. Qd2 Nf6 8. 0-0-0 Be7 9. f3 0-0 10. Kb1 b5 11. Nxc6 Qxc6 12. e5 b4 13. Ne4 Nxe4 14. fxe4 Qxe4 15. Bd3 Qxe5 16. Bd4 Qg5 17. Qe2 f5 18. h4 Qg4 19. Qf2 Bb7 20. Be2 Qg6 21. Qf4 Rac8 22. Rh3 Bf6 23. Rg3 Qe8 24. Bxf6 Rxf6 25. Qxb4 Be4 26. Bd3 d5 27. Qb7 Rf7 28. Qxa6 Rfc7 29. Bxe4 fxe4 30. c3 Ra8 31. Qb6 Rca7 32. Qd4 Qe7 33. a3 Rb7 34. Kc2 Qxh4 35. Rh3 Qg5 36. Rd2 Rc8 37. Rf2 Rcb8 38. Kb1 Rb3 39. Qc5 Qg4 40. Rh1 Qg3 41. Rh3 Rxb2+ 0-1

[Event "Pfalz op-A 9th"]
[Site "Neustadt an der Weinstrasse"]
[Date "2018.02.10"]
[Round "2"]
[White "Kienitz, Andre"]
[Black "Lenaerts, Lennert"]
[Result "1/2-1/2"]
[WhiteElo "2123"]
[BlackElo "2326"]
[PlyCount "86"]
[EventDate "2018.02.09"]
[EventType "swiss"]
[EventRounds "9"]
[EventCountry "GER"]
[SourceTitle "CBM 182 Extra"]
[Source "ChessBase"]
[SourceDate "2018.02.23"]
[SourceVersion "1"]
[SourceVersionDate "2018.02.23"]
[SourceQuality "1"]

1. d4 d5 2. c4 c6 3. Nc3 dxc4 4. e3 b5 5. a4 b4 6. Ne4 Qd5 7. Ng3 Ba6 8. e4 Qa5 9. Nf3 Nd7 10. Be2 e6 11. 0-0 Nb6 12. Ne5 Rc8 13. f4 f6 14. Nf3 Rd8 15. Qe1 c5 16. Be3 Nh6 17. h3 Nf7 18. f5 exf5 19. Nxf5 Bc8 20. Qf2 cxd4 21. N3xd4 Bd7 22. b3 g6 23. Nb5 Bxb5 24. axb5 Qxb5 25. Rxa7 Nd7 26. Bxc4 Qb8 27. Rd1 Nfe5 28. Be6 gxf5 29. Qxf5 Bc5 30. Qh5+ Ke7 31. Bxc5+ Kxe6 32. Qf5+ Kf7 33. Rd6 Rhf8 34. Rxf6+ Kg8 35. Qe6+ Kh8 36. Rxf8+ Rxf8 37. Rxd7 Nf3+ 38. gxf3 Qg3+ 39. Kh1 Qxf3+ 40. Kh2 Qf4+ 41. Kh1 Qf3+ 42. Kh2 Qf4+ 43. Kh1 Qf3+ 1/2-1/2

[Event "Bangkok op 14th"]
[Site "Bangkok"]
[Date "2014.04.13"]
[Round "3"]
[White "Kienitz, Andre"]
[Black "Akharaboollasez, Akharin"]
[Result "1-0"]
[WhiteElo "2137"]
[BlackElo "1904"]
[PlyCount "73"]
[EventDate "2014.04.12"]
[EventType "swiss"]
[EventRounds "9"]
[EventCountry "THA"]
[SourceTitle "CBM 159 Extra"]
[Source "ChessBase"]
[SourceDate "2014.04.24"]
[SourceVersion "1"]
[SourceVersionDate "2014.04.24"]
[SourceQuality "1"]

1. Nf3 Nf6 2. c4 e6 3. g3 a6 4. Bg2 b5 5. b3 Bb7 6. 0-0 c5 7. Bb2 Be7 8. e3 0-0 9. Qe2 bxc4 10. bxc4 Qb6 11. d3 d6 12. Qc2 Nc6 13. Nbd2 Nd7 14. Rab1 Qc7 15. Bxg7 Kxg7 16. Qb2+ Bf6 17. Qxb7 Ra7 18. Qxc7 Rxc7 19. Rb3 Be7 20. Rfb1 Rfc8 21. Ne1 Nce5 22. f4 Ng4 23. Nc2 h5 24. Bb7 Rg8 25. Bf3 f5 26. Rb7 Rgc8 27. Kg2 Ngf6 28. h3 d5 29. e4 fxe4 30. dxe4 dxe4 31. Nxe4 Nxe4 32. Bxe4 h4 33. g4 e5 34. Bf5 Rxb7 35. Rxb7 Kf6 36. Bxd7 Rd8 37. Ne3 1-0

[Event "Cappelle op 30th"]
[Site "Cappelle la Grande"]
[Date "2014.03.03"]
[Round "3"]
[White "Pogorelov, Ruslan"]
[Black "Kienitz, Andre"]
[Result "1/2-1/2"]
[WhiteElo "2364"]
[BlackElo "2152"]
[PlyCount "245"]
[EventDate "2014.03.01"]
[EventType "swiss"]
[EventRounds "9"]
[EventCountry "FRA"]
[SourceTitle "CBM 159 Extra"]
[Source "ChessBase"]
[SourceDate "2014.04.24"]
[SourceVersion "1"]
[SourceVersionDate "2014.04.24"]
[SourceQuality "1"]

1. Nf3 Nf6 2. c4 b6 3. g3 c5 4. Bg2 Bb7 5. 0-0 g6 6. Nc3 Bg7 7. d4 cxd4 8. Qxd4 d6 9. Rd1 Nbd7 10. Be3 Rc8 11. Rac1 0-0 12. Qh4 a6 13. b3 Rc7 14. Bh3 Qb8 15. g4 e6 16. g5 Ne8 17. Bd4 Bxf3 18. exf3 b5 19. Bxg7 Nxg7 20. Ne4 bxc4 21. bxc4 Ne8 22. Qf4 Rc6 23. Qe3 Qc7 24. Bf1 Ng7 25. Ng3 Rc8 26. Rb1 Ne5 27. Qa3 Ne8 28. Ne4 Rb8 29. Rxb8 Qxb8 30. Be2 Qb6 31. Qa4 Kf8 32. f4 Nd7 33. Qa3 Nc5 34. Ng3 Rc8 35. Qc3 Kg8 36. h4 Rb8 37. Rd2 Qb1+ 38. Kg2 Ne4 39. Nxe4 Qxe4+ 40. Qf3 Qxf3+ 41. Kxf3 Rb6 42. c5 Rc6 43. cxd6 Nxd6 44. h5 gxh5 45. Kg2 Kg7 46. Bxh5 h6 47. Rd3 hxg5 48. fxg5 f6 49. Bg4 fxg5 50. Bxe6 Kf6 51. Bd5 Rc5 52. Bb3 Nf5 53. Rd8 a5 54. Kf3 Re5 55. Rf8+ Kg7 56. Rf7+ Kg6 57. Rd7 Kf6 58. Kg2 Nh4+ 59. Kh3 Nf5 60. Rf7+ Kg6 61. Ra7 Nd4 62. Bc4 Kf5 63. Bd3+ Kf4 64. Rf7+ Nf5 65. Kg2 Kg4 66. Bxf5+ Rxf5 67. Ra7 Rc5 68. Ra8 Kf4 69. Rf8+ Rf5 70. Rc8 Rd5 71. Rc4+ Kf5 72. Kg3 Re5 73. f3 Rd5 74. a4 Kf6 75. Kg4 Kg6 76. Rc6+ Kf7 77. Ra6 Rd4+ 78. Kxg5 Rxa4 79. f4 Ra1 80. Ra7+ Kf8 81. f5 Rf1 82. Kg6 a4 83. Rxa4 Rf2 84. Ra8+ Ke7 85. Ra7+ Kf8 86. Kf6 Kg8 87. Ra8+ Kh7 88. Ke6 Kg7 89. Ra7+ Kf8 90. Ra8+ Kg7 91. Ra7+ Kf8 92. Kf6 Kg8 93. Ra1 Rf3 94. Rg1+ Kf8 95. Re1 Rf2 96. Rb1 Kg8 97. Rb8+ Kh7 98. Rf8 Ra2 99. Rf7+ Kg8 100. Re7 Rf2 101. Re8+ Kh7 102. Ke6 Kg7 103. Re7+ Kf8 104. Ra7 Rf1 105. Kf6 Kg8 106. Ra2 Rf3 107. Rg2+ Kf8 108. Kg6 Rf1 109. Kf6 Ra1 110. Re2 Rf1 111. Re5 Rf2 112. Rc5 Kg8 113. Rc8+ Kh7 114. Rf8 Ra2 115. Re8 Rf2 116. Rb8 Rf1 117. Rb7+ Kg8 118. Rg7+ Kf8 119. Ra7 Kg8 120. Ra8+ Kh7 121. Ke6 Kg7 122. Ra7+ Kf8 123. Ra8+ 1/2-1/2

[Event "Karl Mala Memorial op-A 16th"]
[Site "Frankfurt"]
[Date "2013.07.14"]
[Round "6"]
[White "Kienitz, Andre"]
[Black "Schaefer, Annabelle"]
[Result "1/2-1/2"]
[WhiteElo "2175"]
[BlackElo "1957"]
[PlyCount "70"]
[EventDate "2013.07.11"]
[EventType "swiss"]
[EventRounds "7"]
[EventCountry "GER"]
[SourceTitle "EXT 2014"]
[Source "ChessBase"]
[SourceDate "2013.11.20"]
[SourceVersion "1"]
[SourceVersionDate "2013.11.20"]
[SourceQuality "1"]

1. c4 e6 2. g3 Nf6 3. Bg2 d5 4. Nf3 Be7 5. 0-0 0-0 6. b3 c6 7. Bb2 Nbd7 8. d3 Re8 9. Qc2 Qc7 10. cxd5 exd5 11. Nbd2 Bd6 12. Rfe1 Ne5 13. e4 dxe4 14. dxe4 Bg4 15. Nd4 Ned7 16. h3 Bh5 17. f4 Bg6 18. f5 Bh5 19. g4 Bh2+ 20. Kh1 Bxg4 21. Nf1 Bg3 22. Nxg3 Qxg3 23. hxg4 Nxg4 24. Nf3 h5 25. Kg1 h4 26. Kf1 h3 27. Bh1 g6 28. fxg6 fxg6 29. Qc4+ Kf8 30. Re2 Re7 31. Ba3 c5 32. Bxc5 Nxc5 33. Qxc5 Rd8 34. Qg1 Qf4 35. Qc5 Rd3 1/2-1/2

[Event "Karl Mala Memorial op-A 16th"]
[Site "Frankfurt"]
[Date "2013.07.13"]
[Round "5"]
[White "Krasnopeyeva, Julia"]
[Black "Kienitz, Andre"]
[Result "0-1"]
[WhiteElo "1943"]
[BlackElo "2175"]
[PlyCount "112"]
[EventDate "2013.07.11"]
[EventType "swiss"]
[EventRounds "7"]
[EventCountry "GER"]
[SourceTitle "EXT 2014"]
[Source "ChessBase"]
[SourceDate "2013.11.20"]
[SourceVersion "1"]
[SourceVersionDate "2013.11.20"]
[SourceQuality "1"]

1. e4 e5 2. Nf3 Nc6 3. Bb5 a6 4. Ba4 Nf6 5. d3 b5 6. Bb3 Be7 7. 0-0 d6 8. c3 0-0 9. Re1 Na5 10. Bc2 c5 11. Nbd2 Re8 12. Nf1 Bf8 13. Ng3 g6 14. h3 Bg7 15. Nh2 Nc6 16. Bg5 h6 17. Be3 Kh7 18. Ng4 Nxg4 19. hxg4 Qh4 20. Nf1 Bxg4 21. f3 Be6 22. g3 Qe7 23. Re2 h5 24. Rh2 Bh6 25. Bf2 Kg7 26. d4 cxd4 27. cxd4 Nxd4 28. Bxd4 exd4 29. Qxd4+ Kg8 30. Bb3 Bg7 31. Qd3 Rac8 32. Rd1 Rc6 33. Ne3 Bxb3 34. Qxb3 Qe5 35. Rg2 Rec8 36. Nf1 Rc1 37. Rgd2 Rxd1 38. Qxd1 Rc6 39. b3 Bf8 40. Kg2 Qc3 41. Qe2 Bh6 42. f4 h4 43. Ne3 hxg3 44. Kxg3 g5 45. Rc2 gxf4+ 46. Kf3 Qg7 47. Nf5 Rc3+ 48. Kf2 Rxc2 49. Qxc2 Qg5 50. Qc8+ Bf8 51. Qxa6 d5 52. Qxb5 dxe4 53. Qe5 e3+ 54. Kf3 Qg1 55. Qb2 Qf1+ 56. Kg4 e2 0-1

[Event "Karl Mala Memorial op 15th"]
[Site "Frankfurt"]
[Date "2012.07.06"]
[Round "3"]
[White "Kienitz, Andre"]
[Black "Marchese, Gaspare"]
[Result "1-0"]
[WhiteElo "2156"]
[BlackElo "1950"]
[PlyCount "51"]
[EventDate "2012.07.05"]
[EventType "swiss"]
[EventRounds "7"]
[EventCountry "GER"]
[SourceTitle "CBM 149 Extra"]
[Source "ChessBase"]
[SourceDate "2012.08.24"]
[SourceVersion "1"]
[SourceVersionDate "2012.08.24"]
[SourceQuality "1"]

1. Nf3 Nf6 2. c4 g6 3. Nc3 Bg7 4. g3 d6 5. d4 Nbd7 6. Bg2 0-0 7. 0-0 Re8 8. e4 c6 9. h3 Qc7 10. Be3 e5 11. d5 c5 12. Qc2 a6 13. Rfb1 Nh5 14. b4 cxb4 15. Rxb4 Nc5 16. Na4 Nxa4 17. Qxa4 Bd7 18. Qb3 Reb8 19. Rb6 Bf6 20. Rb1 Bc8 21. c5 Be7 22. c6 Ra7 23. a4 Bd8 24. a5 Qe7 25. Rb4 Bxa5 26. Bxa7 1-0

[Event "Goch op 22nd"]
[Site "Goch"]
[Date "2011.09.29"]
[Round "1"]
[White "Hendriks, Sven"]
[Black "Kienitz, Andre"]
[Result "0-1"]
[WhiteElo "1801"]
[BlackElo "2122"]
[PlyCount "34"]
[EventDate "2011.09.29"]
[EventType "swiss"]
[EventRounds "7"]
[EventCountry "GER"]
[SourceTitle "EXT 2014"]
[Source "ChessBase"]
[SourceDate "2013.11.20"]
[SourceVersion "1"]
[SourceVersionDate "2013.11.20"]
[SourceQuality "1"]

1. e4 e5 2. Nf3 Nc6 3. Bc4 Bc5 4. b4 Bxb4 5. c3 Be7 6. d4 Na5 7. Be2 exd4 8. Qxd4 d5 9. exd5 Nf6 10. Qa4+ c6 11. dxc6 Nxc6 12. 0-0 0-0 13. c4 Ne4 14. Bb2 Bf6 15. Qc2 Bf5 16. Bxf6 Qxf6 17. Nbd2 Nc3 0-1

[Event "Fourmies op 35th"]
[Site "Fourmies"]
[Date "2011.06.13"]
[Round "6"]
[White "Kienitz, Andre"]
[Black "Mancini, Mario"]
[Result "0-1"]
[WhiteElo "2126"]
[BlackElo "2193"]
[PlyCount "46"]
[EventDate "2011.06.11"]
[EventType "swiss"]
[EventRounds "7"]
[EventCountry "FRA"]
[SourceTitle "CBM 142 Extra"]
[Source "ChessBase"]
[SourceDate "2011.06.27"]
[SourceVersion "1"]
[SourceVersionDate "2011.06.27"]
[SourceQuality "1"]

1. c4 e5 2. g3 Nf6 3. Bg2 Nc6 4. Nc3 Bb4 5. Nd5 Nxd5 6. cxd5 Ne7 7. e3 0-0 8. Ne2 c6 9. dxc6 dxc6 10. a3 Bd6 11. d4 Bg4 12. dxe5 Bxe5 13. Qxd8 Rfxd8 14. f4 Bc7 15. h3 Be6 16. Nd4 Bc4 17. b3 Ba5+ 18. b4 Bb6 19. Bb2 Bxd4 20. exd4 Nf5 21. Kf2 Nxd4 22. Rhd1 Nb3 23. Rab1 Bd3 0-1

[Event "Fourmies op 35th"]
[Site "Fourmies"]
[Date "2011.06.12"]
[Round "4"]
[White "Kienitz, Andre"]
[Black "Louis Sidois, Charles"]
[Result "1-0"]
[WhiteElo "2126"]
[BlackElo "1904"]
[PlyCount "73"]
[EventDate "2011.06.11"]
[EventType "swiss"]
[EventRounds "7"]
[EventCountry "FRA"]
[SourceTitle "CBM 142 Extra"]
[Source "ChessBase"]
[SourceDate "2011.06.27"]
[SourceVersion "1"]
[SourceVersionDate "2011.06.27"]
[SourceQuality "1"]

1. c4 Nf6 2. Nf3 g6 3. g3 Bg7 4. Bg2 0-0 5. Nc3 d5 6. cxd5 Nxd5 7. 0-0 a5 8. d4 Nc6 9. e4 Nb6 10. d5 Ne5 11. Nd4 e6 12. dxe6 Bxe6 13. Nxe6 Qxd1 14. Rxd1 fxe6 15. f4 Ned7 16. e5 Nc5 17. Be3 Nca4 18. Nxa4 Nxa4 19. b3 Nc3 20. Rd3 Nd5 21. Bxd5 exd5 22. Rxd5 g5 23. Rc1 c6 24. Rd7 gxf4 25. gxf4 Bh6 26. Rf1 Rf7 27. Rxf7 Kxf7 28. Rd1 Ke8 29. a4 b5 30. Rd6 bxa4 31. bxa4 Bf8 32. Rxc6 Rb8 33. Kf2 Kd7 34. Ra6 Rb2+ 35. Kf3 Bb4 36. Ra7+ Kc6 37. e6 1-0

[Event "Goch op 21st"]
[Site "Goch"]
[Date "2010.10.03"]
[Round "7"]
[White "Kienitz, Andre"]
[Black "Esser, Norbert"]
[Result "1/2-1/2"]
[WhiteElo "2180"]
[BlackElo "2199"]
[PlyCount "39"]
[EventDate "2010.09.30"]
[EventType "swiss"]
[EventRounds "7"]
[EventCountry "GER"]
[SourceTitle "EXT 2012"]
[Source "ChessBase"]
[SourceDate "2011.11.24"]
[SourceVersion "1"]
[SourceVersionDate "2011.11.24"]
[SourceQuality "1"]

1. e4 d6 2. d4 Nf6 3. Nc3 e5 4. dxe5 dxe5 5. Qxd8+ Kxd8 6. Bg5 Be6 7. 0-0-0+ Nbd7 8. f4 exf4 9. Nf3 h6 10. Bxf4 Bb4 11. Nd5 Bxd5 12. exd5 Bd6 13. Be3 Re8 14. Bd4 a6 15. g3 Ng4 16. Bh3 Nde5 17. Nxe5 Nxe5 18. Rhf1 f6 19. c3 a5 20. a4 1/2-1/2

[Event "Fourmies op 34th"]
[Site "Fourmies"]
[Date "2010.05.23"]
[Round "5"]
[White "Kienitz, Andre"]
[Black "David, Alberto"]
[Result "0-1"]
[WhiteElo "2166"]
[BlackElo "2631"]
[PlyCount "66"]
[EventDate "2010.05.22"]
[EventType "swiss"]
[EventRounds "7"]
[EventCountry "FRA"]
[SourceTitle "CBM 136 Extra"]
[Source "ChessBase"]
[SourceDate "2010.07.02"]
[SourceVersion "2"]
[SourceVersionDate "2010.07.15"]
[SourceQuality "1"]

1. e4 c5 2. Nf3 e6 3. d4 cxd4 4. Nxd4 a6 5. Bd3 Bc5 6. Nb3 Be7 7. c4 d6 8. Nc3 b6 9. 0-0 Nf6 10. Qe2 Nbd7 11. f4 Bb7 12. e5 dxe5 13. fxe5 Nxe5 14. Qxe5 Qxd3 15. Qc7 Qd7 16. Qxb6 Rc8 17. Rd1 Qc6 18. Qxc6+ Bxc6 19. Be3 Ba8 20. Nd2 0-0 21. Na4 Ng4 22. Bb6 Bc6 23. h3 Bxa4 24. b3 Ne5 25. bxa4 Bb4 26. Bd4 Bxd2 27. Bxe5 Be3+ 28. Kh1 Rxc4 29. Rd7 Rxa4 30. Rb1 Rxa2 31. Bd6 Rd2 32. Rbb7 Rd1+ 33. Kh2 Rxd6 0-1

[Event "Vienna op 16th"]
[Site "Vienna"]
[Date "2009.08.18"]
[Round "4"]
[White "Lammers, Markus"]
[Black "Kienitz, Andre"]
[Result "1-0"]
[WhiteElo "2297"]
[BlackElo "2151"]
[PlyCount "135"]
[EventDate "2009.08.15"]
[EventType "swiss"]
[EventRounds "9"]
[EventCountry "AUT"]
[SourceTitle "CBM 131 Extra"]
[Source "ChessBase"]
[SourceDate "2009.09.03"]
[SourceVersion "2"]
[SourceVersionDate "2009.09.16"]
[SourceQuality "1"]

1. d4 Nf6 2. Nf3 e6 3. c4 Bb4+ 4. Nbd2 b6 5. g3 Bb7 6. Bg2 c5 7. a3 Bxd2+ 8. Qxd2 d6 9. dxc5 dxc5 10. Qxd8+ Kxd8 11. Bf4 Ke7 12. Rd1 Rd8 13. Rxd8 Kxd8 14. 0-0 Ke7 15. Rd1 Ne8 16. b4 cxb4 17. axb4 f6 18. b5 Nd7 19. Ne5 Nxe5 20. Bxb7 Rd8 21. Ra1 Nd6 22. Bxe5 fxe5 23. Bc6 Nc8 24. Bb7 Nd6 25. Bc6 Nc8 26. Kg2 Kf6 27. Bb7 Nd6 28. Bc6 Nc8 29. Kf3 Rd4 30. Ra4 Nd6 31. Rxa7 Nxc4 32. Rb7 h6 33. h4 g6 34. Rc7 h5 35. Kg2 Rd8 36. Bd7 Na5 37. Bc6 Rb8 38. Kf3 Nb3 39. e3 Nc5 40. Ra7 Rd8 41. e4 Rd3+ 42. Ke2 Rd8 43. Ke3 Rd3+ 44. Ke2 Rd8 45. Rh7 Rf8 46. f3 Rf7 47. Rh8 Kg7 48. Rb8 Na4 49. Ra8 Nc5 50. Ke3 Rf8 51. Ra7+ Rf7 52. Ra8 Rf8 53. Ra6 Rb8 54. Ra7+ Kf6 55. Rh7 Rf8 56. g4 hxg4 57. fxg4 Rf7 58. g5+ Ke7 59. Rh6 Rg7 60. Rh8 Kd6 61. Rd8+ Kc7 62. Ra8 Kd6 63. Rd8+ Kc7 64. Rh8 Kd6 65. Be8 Ke7 66. Kf3 Nb7 67. Bc6 Nd8 68. Re8+ 1-0